Представление документа в формате RUSMARC

ПолеНазваниеЗначение
  Тип записи a
  Библиографический уровень a
001 Контрольный номер RU/CBS_Ul/BASE/491511437
005 Дата корректировки 20240209175149.6
100 Данные общей обработки __
a Данные общей обработки 20150729d2015 ||| 0rusy0189 ca
101 Язык документа 0_
a Язык текста rus
102 Страна публикации __
a Страна публикации RU
105 Кодированные данные (монография) __
a Кодированные данные (монография) y###||||000|y
200 Заглавие и сведения об ответственности 1_
a Заглавие Где живет Святая Русь
b Общее обозначение материала Текст
e Сведения, относящиеся к заглавию [Свято-Троицкий Лютиков монастырь]
f Первые сведения об ответственности И. А. Романов, В. Н. Филянова
300 Общие примечания __
a Общие примечания Ограничения по возрасту - 12+
461 Уровень набора _0
1 2000
a Русский дом
463 Уровень физической единицы _0
1 001RU/CBS_Ul/BASE/485371759
1 2000
a № 4
v С. 40-41 : ил., фото
1 210
d 2015
606 Тематические рубрики 0_
a Основная рубрика Свято-Троицкий Лютиков монастырь
y Географическая подрубрика Корекозево, село (Калужская область)
610 Ключевые слова 0_
a Ключевые слова монастыри
a Ключевые слова православные монастыри
a Ключевые слова православные храмы
a Ключевые слова Свято-Троицкий Лютиков монастырь
686 Индексы других классификаций __
a Классификационный индекс 86.372-6
2 Код системы ББК
700 Автор _1
a Фамилия Романов
b Имя (инициалы) И. А.
701 Альтернативная интеллектуальная ответственность _1
a Фамилия Филянова
b Имя (инициалы) В. Н.
801 Источник записи _0
a Страна RU
b Организация МБУК ЦБС г. Ульяновска
c Дата составления 20150729
g Правила каталогизации RCR
801 Источник записи _1
a Страна RU
b Организация МБУК ЦБС г. Ульяновска
c Дата составления 20150729
g Правила каталогизации RCR
901 Тип документа __
t Тип документа b
w Контрольный № источника RU/CBS_Ul/BASE/485371759
910 Корректоры записи __
a Корректор записи Библиотека 2
938 Служебная информация __
a Имя БД period